[Event "Hordaland-ch op-B"]
[Site "Bergen"]
[Date "2010.04.18"]
[Round "5"]
[White "Bratteteig, Tore Inge"]
[Black "Fadnes, Bard"]
[Result "0-1"]
[WhiteElo "1437"]
[BlackElo "1395"]
[PlyCount "96"]
[EventDate "2010.04.16"]
[EventType "swiss"]
[EventRounds "5"]
[EventCountry "NOR"]
[SourceTitle "EXT 2024"]
[Source "ChessBase"]
[SourceDate "2023.10.10"]
[SourceVersion "1"]
[SourceVersionDate "2023.10.10"]
[SourceQuality "1"]

1. d4 d5 2. Nf3 c6 3. e3 Nf6 4. c4 Bg4 5. Nbd2 Nbd7 6. cxd5 cxd5 7. Qa4 a6 8. Bd3 e6 9. 0-0 Bd6 10. h3 Bh5 11. b4 b5 12. Qb3 Nb6 13. Bb2 Rc8 14. Rfc1 0-0 15. Rxc8 Qxc8 16. Rc1 Qd7 17. a3 Nc4 18. Bxc4 bxc4 19. Qd1 Ne8 20. Bc3 Nc7 21. a4 Rb8 22. Rb1 Qe7 23. Qc1 Bxb4 24. Ne5 Qf8 25. Nd7 Qd6 26. Nxb8 a5 27. Qb2 Bg6 28. e4 dxe4 29. Nxc4 Qd5 30. Ne3 Bxc3 31. Qxc3 Qa2 32. Rc1 Ne8 33. Qc8 f6 34. Qc4 Qa3 35. Nd7 h6 36. d5 exd5 37. Nxd5 Nd6 38. Qc5 Qb2 39. Ne7+ Kh7 40. Nxg6 Kxg6 41. Qc2 Qa3 42. Nc5 f5 43. Ne6 e3 44. Nf4+ Kh7 45. Qc3 exf2+ 46. Kf1 Qxa4 47. Ne6 Qb5+ 48. Kxf2 Ne4+ 0-1

[Event "NOR-chB"]
[Site "Moss"]
[Date "2006.07.09"]
[Round "2"]
[White "Fadnes, Bard"]
[Black "Stabbetorp, Hans M"]
[Result "1-0"]
[WhiteElo "1346"]
[BlackElo "1486"]
[PlyCount "85"]
[EventDate "2006.07.08"]
[EventType "swiss"]
[EventRounds "9"]
[EventCountry "NOR"]
[SourceTitle "EXT 2007"]
[Source "ChessBase"]
[SourceDate "2006.11.23"]
[SourceVersion "1"]
[SourceVersionDate "2006.11.23"]
[SourceQuality "1"]

1. e4 c6 2. d4 d5 3. exd5 cxd5 4. Bd3 Nf6 5. Nf3 e6 6. Bf4 Nc6 7. c3 Bd6 8. Bxd6 Qxd6 9. 0-0 Bd7 10. Re1 Ne7 11. Nbd2 Ng6 12. Ne5 Qb6 13. Qb3 Qxb3 14. Nxb3 Nxe5 15. dxe5 Ng8 16. Nc5 Bc6 17. Re3 Ne7 18. Rg3 Ng6 19. Re1 b6 20. Na6 0-0 21. Nb4 Bb7 22. Nc2 Rfd8 23. Nd4 a5 24. Rge3 Nf4 25. Bc2 Ba6 26. g3 Ng6 27. h4 Ne7 28. h5 Rac8 29. Ba4 Rc4 30. Bb5 Bxb5 31. Nxb5 Nf5 32. Rd3 Rg4 33. Kg2 Rc8 34. b3 Rc5 35. a4 Rc8 36. f4 g6 37. h6 Nxg3 38. Rxg3 Rxf4 39. Re2 Kf8 40. Rf2 Rxf2+ 41. Kxf2 Ke7 42. Rf3 Kf8 43. Rxf7+ 1-0